00340nam a2200133Ia 4500008004100000020001500041041001200056082001600068100001400084245004800098260003800146300000600184650001600190221030s9999 xx 000 0 und d a8125909524 aEnglish a105.23bSax aS. Saxena 0aMS - Office 2000 for Everyonecby S. Saxena bVikas Pub House.aNew Delhic2000 a0 aBE Computer